Jugendbewegung und Jugendkulturen
| Titel: | Jugendbewegung und Jugendkulturen |
|---|---|
| Unterreihe: | Jahrbuch |
| Veröffentlicht: | Göttingen : V & R Unipress, [2014]- |
| Erscheinungsverlauf: | Jahrbuch 9 (2012/2013)- |
| Umfang: | Online-Ressource |
| Format: | Elektronische Zeitschrift |
| Sprache: | Deutsch |
| Andere Ausgaben: |
Erscheint auch als Druck-Ausgabe: Jugendbewegung und Jugendkulturen. Jahrbuch. - Göttingen : V & R Unipress, 2014-. - 24 cm
|
| ISSN: | 2365-9106 |
X
alg: 46352010 001A $06050:29-04-20 001B $06050:26-04-24 $t18:03:19.000 001D $06050:29-04-20 001U $0utf8 001X $00 002@ $0Obvc 002C $aText $btxt $2rdacontent 002D $aComputermedien $bc $2rdamedia 002E $aOnline-Ressource $bcr $2rdacarrier 003@ $0463520106 003O $01197631470 $aOCoLC 005P $02365-9106 $Sp 006Z $02966831-1 007A $02966831-1 $aZDB 009Q $uhttps://www.vr-elibrary.de/series/jujj $xH 009Q $uhttps://www.vandenhoeck-ruprecht-verlage.com/themen-entdecken/literatur-sprach-und-kulturwissenschaften/philosophie/28426/jugendbewegung-und-jugendkulturen-jahrbuch $xH 009Q $uhttps://ezb.ur.de/?2966831-1 $xF 010@ $ager 010E $erda 011@ $a2014 $n[2014]- 013D $RPresse $RFortlaufendes Sammelwerk $#Periodicals $#Yearbooks $#Périodiques $#Annuaires $#Publicaciones periódicas $#journals $#Periodical $#Periodicals as Topic $#Zeitschrift $#Zeitschrift $#Periodikum $#Zeitschriften $74067488-5 $8Zeitschrift [Tsz] $9085189774 016A $aDg 018@ $0z 021A $aJugendbewegung und Jugendkulturen 021C $aJahrbuch 031@ $aJahrbuch 9 (2012/2013)- 031N $d9 $6 $j2012 033A $pGöttingen $nV & R Unipress 034D $aOnline-Ressource 037A $aErsch. jährl. 037A $aGesehen am 15.05.2020 039D $aErscheint auch als $8--Abvc--. Jugendbewegung und Jugendkulturen. Jahrbuch. - Göttingen : V & R Unipress, 2014-. - ISSN 2365-9106 $9423967096 $nDruck-Ausgabe 045U $e300 lok: 46352010 78 exp: 46352010 78 1 #EPN 201B/01 $014-06-24 $t15:39:34.000 201C/01 $014-06-24 201U/01 $0utf8 203@/01 $01265445869 208@/01 $a14-06-24 $be 209A/01 $a/ $f000 $x00 209A/01 $ab*p $x01 209A/01 $a*v 11 (2015); *v 12 (2016); *v 13 (2017) [2. Aufl. 2019]; *v 14 (2018); *v 15 (2019); *v 16 (2020/2021 [2021]); *v 17 (2022); *v 18 (2023) $x03 220C/01 $apgar 247C/01 $82080>Marburg/Lahn, Herder-Institut, Forschungsbibliothek, Bibliographieportal $9336309341 lok: 46352010 204 exp: 46352010 204 1 #EPN 201B/01 $004-05-24 $t07:08:36.555 201C/01 $027-07-20 201U/01 $0utf8 203@/01 $01116557479 208@/01 $a27-07-20 $bl 209S/01 $uhttps://ezb.ur.de/?2966831-1&bibid=UBGIE $XF
| LEADER | 00000cas a2200000 c 4500 | ||
|---|---|---|---|
| 001 | 463520106 | ||
| 003 | DE-603 | ||
| 005 | 20240426180319.0 | ||
| 007 | cr|||||||||||| | ||
| 008 | 200429c20149999xx z| p|o 0 |1ger c | ||
| 016 | 7 | |2 DE-600 |a 2966831-1 | |
| 035 | |a (DE-599)ZDB2966831-1 | ||
| 035 | |a (OCoLC)1197631470 | ||
| 040 | |a DE-603 |b ger |c DE-603 |d DE-603 |e rda | ||
| 041 | |a ger | ||
| 084 | |a 300 |q DE-600 |2 sdnb | ||
| 245 | 0 | 0 | |a Jugendbewegung und Jugendkulturen |n [...] |p Jahrbuch |
| 264 | 3 | 1 | |a Göttingen |b V & R Unipress |c [2014]- |
| 300 | |a Online-Ressource | ||
| 336 | |a Text |b txt |2 rdacontent | ||
| 337 | |a Computermedien |b c |2 rdamedia | ||
| 338 | |a Online-Ressource |b cr |2 rdacarrier | ||
| 362 | 0 | |a Jahrbuch 9 (2012/2013)- | |
| 363 | 0 | 1 | |8 1.1\x |a 9 |i 2012 |
| 500 | |a Ersch. jährl. | ||
| 500 | |a Gesehen am 15.05.2020 | ||
| 655 | 7 | |a Zeitschrift |2 gnd-content |0 (DE-588)4067488-5 |0 (DE-603)085189774 | |
| 776 | 0 | 8 | |i Erscheint auch als |n Druck-Ausgabe |t Jugendbewegung und Jugendkulturen. Jahrbuch |d Göttingen : V & R Unipress, 2014- |h 24 cm |x 2365-9106 |w (DE-603)423967096 |w (DE-600)2797396-7 |
| 776 | 1 | |x 2365-9106 | |
| 856 | |u https://www.vr-elibrary.de/series/jujj |x Verlag | ||
| 856 | |u https://www.vandenhoeck-ruprecht-verlage.com/themen-entdecken/literatur-sprach-und-kulturwissenschaften/philosophie/28426/jugendbewegung-und-jugendkulturen-jahrbuch |x Verlag | ||
| 856 | |u https://ezb.ur.de/?2966831-1 |x EZB | ||
| 924 | 1 | |9 2080 |a (DE-603)1265445869 |b DE-2080 |c HES |d d |g / | |
| 924 | 1 | |9 603 |a (DE-603)1116557479 |b DE-603 |c HES |d d | |


